00754nam a2200217 a 4500001001000000003000900010005001700019008004100036040002500077082001600102100004200118245005200160260005300212300002700265490002300292500004900315830003000364942001400394952011300408999001500521000008197DO-SdBNP20240305094429.0090915s1980 dr a r 001 0 spa d aDO-SdBNPbspacBNPHU axxxxbD331c1 aCabral, Manuel del,d1907-199992355610aChinchina busca el tiempo /cManuel Del Cabral. aSanto Domingo :bPublicaciones América,c1980. a114 p. :bil ;c21 cm.1 aParnaso Dominicano aIncluye datos biográficos en la página 7 0aParnaso Dominicano911352 2ddccLBS1 0010718PDaPDbPDcCTd2009-09-15iLF1l0oxxxx D331cp8197-10r2020-06-25w2020-06-25yLFPDZNo se presta c7971d7971